Política y desarrollo
Guardat en:
| Autor principal: | |
|---|---|
| Format: | Llibre |
| Idioma: | espanyol |
| Publicat: |
Santiago
Universitaria
1968
|
| Col·lecció: | Imagen de América Latina, 4
|
| Matèries: | |
| Etiquetes: |
Afegir etiqueta
Sense etiquetes, Sigues el primer a etiquetar aquest registre!
|
MARC
| LEADER | 00000nam a2200000 a 4500 | ||
|---|---|---|---|
| 001 | UCQ1255 | ||
| 003 | CL-VaPUC | ||
| 008 | 980709e19680000CL |||||||||||||||||spa|d | ||
| 082 | 0 | 4 | |a 338.98 |b PIN |2 21 |
| 100 | 0 | |a Pinto, Aníbal |e author |9 414977 | |
| 245 | 1 | 0 | |a Política y desarrollo |
| 300 | |a 154 p | ||
| 942 | |c BK | ||
| 945 | |d 19980709 00:00:00 |a crobeson | ||
| 260 | |a Santiago |b Universitaria |c 1968 | ||
| 650 | 0 | |a Política económica |9 255029 | |
| 650 | 7 | |a POLITICA DE DESARROLLO |2 CL-VaPUC |9 335853 | |
| 650 | 0 | |a Desarrollo económico y social |9 256320 | |
| 650 | 0 | |a Crecimiento económico |9 314037 | |
| 651 | 0 | |a América Latina |9 255027 | |
| 583 | |a last modification |c 19980709 00:00:00 |k Rodrigo Vera | ||
| 490 | 0 | |a Imagen de América Latina, 4 | |
| 999 | |c 272258 |d 272256 | ||
| 952 | |0 0 |1 0 |4 0 |6 338_980000000000000_PIN_1968 |7 0 |8 A |9 307147 |a BIBENE |b BIBENE |d 2019-11-20 |i 1432656 |o 338.98 PIN 1968 |p 1432656 |r 2025-01-15 |w 2019-11-20 |y BK |k ICO | ||
| 952 | |0 0 |1 0 |4 0 |6 338_980000000000000_PIN_1968 |7 0 |8 P |9 307148 |a BIBDER |b BIBDER |d 2019-11-20 |i 3908380 |o 338.98 PIN 1968 |p 3908380 |r 2023-01-25 |w 2019-11-20 |y BK |k DER | ||
| 952 | |0 0 |1 0 |4 0 |6 338_980000000000000_PIN_1968 |7 0 |8 A |9 307149 |a BIBHIS |b BIBHIS |d 2019-11-20 |i 3951820 |o 338.98 PIN 1968 |p 3951820 |r 2025-01-20 |w 2019-11-20 |y BK |k HIS | ||